[Event "20 12 25"]
[Site "www.echecsemail.com"]
[Date "2026.01.03"]
[Round "1"]
[White "Turbo"]
[Black "Abelito"]
[WhiteElo "1400"]
[BlackElo "1580"]
[Result "0-1"]
1.e4 e5
2.Ng1f3 Nb8c6
3.a3 Ng8f6
4.Bf1c4 Nf6xe4
5.d3 Ne4c5
6.O-O d5
7.Bc4a2 Bc8g4
8.Nb1d2 Nc5a4
9.h3 Bg4c8
10.c4 Bc8e6
11.Qd1b3 Na4b6
12.cxd5 Be6xd5
13.Nd2c4 Nc6d4
14.Nf3xd4 exd4
15.Rf1e1 Bf8e7
16.Qb3d1 O-O
17.b3 Nb6d7
18.Ba2b1 Be7g5
19.Bc1b2 c5
20.b4 Bg5e7
21.bxc5 Be7xc5
22.Qd1h5 Nd7f6
23.Qh5h4 Rf8e8
24.Bb1c2 b5
25.Nc4d2 Qd8a5
26.Re1d1 Re8e2
27.Qh4g5 h6
28.Qg5g3 Re2xd2
29.Rd1xd2 Qa5xd2
30.Ra1c1 Nf6h5
31.Qg3e5 Nh5f4
32.Rc1f1 Ra8d8
33.Bb2xd4 f6
34.Qe5c7 Nf4e6
35.Qc7g3 Qd2xc2
36.Bd4xf6 Bc5d6
37.f4 Qc2c5
38.Kh1 Rd8d7
39.Bf6e5 Bd6c7
40.Be5b2 Rd7f7
41.d4 Qc5c2
42.Bb2c3 Qc2b3
43.h4 Ne6xd4
44.Qg3d3 Nd4f5
45.Kh2 Bd5c4
46.Rf1b1 Qb3xa3
47.Qd3h3 Bc7xf4
48.Kh1 Nf5g3
49.Kg1 Ng3e2
50.Kh1 Ne2xc3
51.Qh3c8 Rf7f8
52.Qc8h3 Bf4e5
53.Rb1e1 Be5d4
54.Qh3g4 Qa3c5
55.h5 a5
56.Qg4h4 Bd4f6
57.Qh4h3 Bc4d5
58.Re1f1 Nc3e4
59.Qh3g4 Ne4f2
60.Kh2 Nf2xg4
{ abandon }0-1

[Event "Défi"]
[Site "www.echecsemail.com"]
[Date "2026.01.03"]
[Round "1"]
[White "Verson"]
[Black "Lancov"]
[WhiteElo "1880"]
[BlackElo "1920"]
[Result "0-1"]
1.d4 d6
2.Ng1f3 Ng8f6
3.e3 g6
4.Bf1d3 Bf8g7
5.O-O c6
6.e4 Bc8g4
7.Nb1d2 Nb8d7
8.b3 a6
9.Bc1b2 b5
10.c4 Ra8b8
11.h3 Bg4xf3
12.Nd2xf3 bxc4
13.Bd3xc4 Nf6xe4
14.Rf1e1 d5
15.Bc4xa6 O-O
16.Ba6d3 Nd7f6
17.Qd1c2 e6
18.Qc2xc6 Rb8c8
19.Qc6b5 Rc8b8
20.Qb5c6 Rb8c8
21.Qc6b5 Rc8b8
22.Qb5c6 Rb8c8
23.Qc6b5 Rc8b8
24.Qb5a4 Qd8b6
25.a3 Rb8a8
26.Qa4b5 Qb6d6
27.Bd3c2 Rf8b8
28.Qb5e2 Bg7f8
29.b4 Qd6b6
30.Ra1c1 Ne4d6
31.Bc2d3 Rb8c8
32.Rc1xc8 Ra8xc8
33.Qe2d2 Nd6c4
34.Bd3xc4 Rc8xc4
35.Re1c1 Nf6e4
36.Qd2d3 Rc4xc1
37.Bb2xc1 Qb6c6
38.Bc1b2 Bf8h6
39.Nf3e5 Qc6c7
40.f3 Ne4d6
41.Qd3c3 Qc7xc3
42.Bb2xc3 Nd6b5
43.Ne5g4 Bh6g7
44.a4 Nb5xc3
45.a5 Bg7xd4
46.Kf1 Nc3b5
47.Ke2 Bd4c3
{ abandon }0-1

[Event "Tournoi n27351"]
[Site "www.echecsemail.com"]
[Date "2026.01.03"]
[Round "1"]
[White "Verson"]
[Black "Zadkine1"]
[WhiteElo "1870"]
[BlackElo "1740"]
[Result "0-1"]
1.d4 d5
2.Ng1f3 Ng8f6
3.e3 Bc8f5
4.c3 Nb8c6
5.Bf1d3 Bf5xd3
6.Qd1xd3 e6
7.Nb1d2 Bf8d6
8.O-O O-O
9.e4 dxe4
10.Nd2xe4 Nf6xe4
11.Qd3xe4 Rf8e8
12.Bc1g5 Bd6e7
13.Bg5e3 Be7f6
14.Ra1d1 Nc6e7
15.Nf3g5 Ne7g6
16.Ng5f3 b5
17.Qe4d3 Qd8d5
18.Rf1e1 a6
19.Qd3d2 Qd5xa2
20.Be3g5 Bf6xg5
21.Nf3xg5 Qa2d5
22.Re1e3 Qd5xg5
23.Re3g3 Qg5xd2
24.Rd1xd2 Ra8d8
25.Rd2e2 c5
26.Rg3d3 Ng6f4
{ abandon }0-1

[Event "Schach"]
[Site "www.echecsemail.com"]
[Date "2026.01.03"]
[Round "1"]
[White "Titit1"]
[Black "Anton17"]
[WhiteElo "1500"]
[BlackElo "1360"]
[Result "0-1"]
1.e4 e5
2.Ng1f3 Nb8c6
3.d4 d6
4.d5 Nc6b4
5.Nb1c3 Ng8f6
6.Bc1g5 Bc8g4
7.h3 Bg4h5
8.g4 Bh5g6
9.Bf1b5 c6
10.dxc6 bxc6
11.Bb5a4 d5
12.Qd1e2 h6
13.Bg5c1 d4
14.Nc3b1 Bg6xe4
15.a3 Nb4d5
16.Ba4xc6 Nf6d7
17.Bc6xa8 Bf8c5
18.Ba8c6 Be4xf3
19.Qe2xf3 Nd5e7
20.c3 Ne7xc6
21.Qf3xc6 O-O
22.Bc1d2 Rf8e8
23.h4 e4
24.Bd2f4 e3
25.fxe3 dxe3
26.Ke2 Re8e6
27.Qc6a4 Nd7f6
28.Rh1d1 Qd8a8
29.Qa4a5 Qa8g2
30.Kd3 Qg2d5
31.Ke2 Qd5e4
32.Bf4c7 Qe4c2
33.Ke1 Qc2f2
0-1

[Event "Coupe Niveau 5"]
[Site "www.echecsemail.com"]
[Date "2026.01.03"]
[Round "1"]
[White "Verson"]
[Black "Carrighir"]
[WhiteElo "1870"]
[BlackElo "2110"]
[Result "0-1"]
1.d4 f5
2.Ng1f3 Ng8f6
3.e3 e6
4.Bf1d3 g6
5.Nb1d2 Bf8g7
6.O-O d6
7.c3 O-O
8.e4 fxe4
9.Nd2xe4 Nb8d7
10.Bc1g5 Qd8e8
11.Qd1d2 d5
12.Ne4xf6 Nd7xf6
13.Ra1e1 Bc8d7
14.Re1e2 Qe8c8
15.Nf3e5 Bd7e8
16.Bg5h6 c5
17.Bh6xg7 Kxg7
18.Rf1e1 c4
19.Bd3c2 b5
20.Qd2g5 a5
21.Ne5g4 Nf6xg4
22.Qg5xg4 Be8f7
23.Re2e3 Ra8a7
24.Qg4g5 Qc8d8
25.Re3h3 Qd8xg5
{ abandon }0-1

[Event "Eq:Les Rois du Succes-Pirates du Mat :"]
[Site "www.echecsemail.com"]
[Date "2026.01.03"]
[Round "1"]
[White "Rackam"]
[Black "Picasso"]
[WhiteElo "2040"]
[BlackElo "2100"]
[Result "1/2-1/2"]
1.e4 c6
2.f4 d5
3.Nb1c3 dxe4
4.Nc3xe4 Ng8f6
5.Ne4g3 h5
6.Ng1f3 h4
7.Ng3e2 Bc8g4
8.Nf3e5 Qd8b6
9.Ne5xg4 Nf6xg4
10.d4 g6
11.c3 Nb8d7
12.h3 Ng4h6
13.Qd1b3 Nh6f5
14.Qb3xb6 Nd7xb6
15.b3 Nb6d5
16.Bc1d2 Nd5e3
17.Bd2xe3 Nf5xe3
18.Kf2 Ne3d5
19.c4 Nd5c7
20.g4 hxg3
21.Ne2xg3 Bf8g7
22.Ra1d1 O-O-O
23.Ng3e2 Nc7e6
24.d5 Ne6c7
25.Bf1g2 cxd5
26.cxd5 Kb8
27.Ne2g3 Nc7b5
28.Ng3e2 Rd8d6
29.Rd1d3 Rh8d8
30.Rh1d1 Nb5c7
31.f5 gxf5
32.Ne2f4 e6
33.dxe6 Rd6xd3
34.Rd1xd3 Rd8xd3
35.Nf4xd3 fxe6
36.Kg3 Bg7f6
37.Kf4 Nc7e8
38.Nd3c5 Ne8g7
39.Nc5xb7 e5
40.Ke3 Bf6g5
41.Kf2 e4
42.Nb7d6 Kc7
43.Nd6xe4 fxe4
44.Bg2xe4 Kb6
45.Ke2 Kc5
46.a4 Kb4
47.Be4d5 Ng7h5
48.Kd1 Nh5f4
49.Bd5f7 Nf4xh3
50.Kc2 Nh3f2
51.Bf7g8 Nf2e4
52.Kb1 Ne4c5
53.Kc2 Nc5xa4
54.bxa4 { nul }1/2-1/2

[Event "Tournoi n27292"]
[Site "www.echecsemail.com"]
[Date "2026.01.03"]
[Round "1"]
[White "Mojo"]
[Black "Verson"]
[WhiteElo "1960"]
[BlackElo "1810"]
[Result "1-0"]
1.e4 e6
2.Bf1b5 c6
3.Bb5c4 d5
4.exd5 exd5
5.Bc4b3 Ng8f6
6.Ng1f3 Bf8d6
7.O-O O-O
8.d4 Bc8g4
9.h3 Bg4h5
10.c4 Nb8d7
11.cxd5 cxd5
12.Bb3c2 Nf6e4
13.Bc2b3 Nd7b6
14.a3 Qd8f6
15.g4 Bh5g6
16.Nb1c3 h6
17.Nc3xd5 Nb6xd5
18.Bb3xd5 Ra8b8
19.h4 b6
20.Bc1e3 Bd6f4
21.Be3xf4 Qf6xf4
22.Nf3e5 Ne4f6
23.Ne5xg6 Qf4xg4
24.Qd1xg4 Nf6xg4
25.Ng6xf8 Rb8xf8
26.Ra1c1 Rf8d8
27.Bd5b3 Rd8xd4
28.Rc1d1 { abandon }1-0

[Event "CC Finale 2025"]
[Site "www.echecsemail.com"]
[Date "2026.01.03"]
[Round "1"]
[White "Nonotarn"]
[Black "Aperturaf"]
[WhiteElo "2300"]
[BlackElo "2830"]
[Result "0-1"]
1.e4 e6
2.d4 d5
3.Nb1d2 c5
4.Ng1f3 cxd4
5.exd5 Qd8xd5
6.Bf1c4 Qd5d6
7.O-O Nb8c6
8.Nd2e4 Qd6d8
9.Qd1e2 Ng8f6
10.Rf1d1 Bf8e7
11.c3 O-O
12.cxd4 Bc8d7
13.Bc1f4 Ra8c8
14.Ra1c1 Nf6xe4
15.Qe2xe4 Nc6b4
16.Nf3e5 Bd7c6
17.Ne5xc6 Rc8xc6
18.a3 Nb4d5
19.Bc4xd5 exd5
20.Qe4d3 Rc6xc1
21.Rd1xc1 Qd8b6
22.b4 Be7f6
23.Rc1c5 Qb6e6
24.Bf4e3 Rf8b8
25.h3 Bf6e7
26.Rc5c2 Be7d6
27.b5 h5
28.a4 Rb8e8
29.Qd3d2 Qe6f5
30.Rc2c1 g6
31.Qd2c2 Qf5xc2
32.Rc1xc2 Kf8
33.Kf1 Ke7
34.g3 Kd7
35.Ke2 Re8a8
36.Kd3 a6
37.Rc2b2 axb5
38.axb5 Ra8a3
39.Kc2 Bd6xg3
{ abandon }0-1

[Event "TRISTAN DA CUNHA"]
[Site "www.echecsemail.com"]
[Date "2026.01.03"]
[Round "1"]
[White "4x4"]
[Black "Mindthegap"]
[WhiteElo "1420"]
[BlackElo "1420"]
[Result "0-1"]
1.e4 e5
2.Ng1f3 Nb8c6
3.Nb1c3 Ng8f6
4.Bf1c4 Nf6xe4
5.Nc3xe4 d5
6.Ne4g5 dxc4
7.d3 Bc8g4
8.h3 Bg4xf3
9.Qd1xf3 Qd8f6
10.Qf3xf6 gxf6
11.Ng5e4 O-O-O
12.Ne4xf6 Rh8g8
13.Nf6xg8 Nc6d4
14.Kd2 cxd3
15.cxd3 Bf8b4
16.Ke3 Nd4c2
17.Ke4 Rd8d4
18.Kxe5 Bb4d6
19.Kf5 Nc2xa1
20.Bc1e3 Rd4d5
21.Kf6 Na1c2
22.Ng8e7 Bd6xe7
23.Kxe7 Nc2b4
24.Rh1a1 Rd5d7
25.Kf8 Nb4c6
26.Kg7 Rd7xd3
27.Kxh7 Rd3d5
28.g4 Rd5d7
29.f4 f5
30.Kg6 fxg4
31.hxg4 Nc6e7
32.Kf6 Ne7d5
33.Kf5 Nd5xe3
34.Kg5 Rd7g7
35.Kh6 Rg7xg4
36.f5 Rg4f4
37.Kg6 Rf4xf5
38.Ra1e1 Rf5e5
39.Kf6 Ne3g4
40.Kg6 Re5xe1
41.Kg5 Ng4e3
42.Kf4 Ne3c4
43.b3 Nc4d2
44.Kg3 Re1a1
45.Kf2 Ra1xa2
46.Ke2 Nd2xb3
47.Kd3 a5
48.Kc4 a4
49.Kb4 Nb3d2
50.Kc3 Nd2e4
51.Kd4 Ne4d6
52.Kd5 a3
53.Kd4 Ra2h2
{ abandon }0-1

[Event "Tournoi n27176"]
[Site "www.echecsemail.com"]
[Date "2026.01.03"]
[Round "1"]
[White "Jlr"]
[Black "Louis67"]
[WhiteElo "1370"]
[BlackElo "1400"]
[Result "0-1"]
1.e4 e6
2.Ng1f3 Ng8f6
3.e5 Nf6d5
4.d4 Bf8e7
5.c3 b6
6.h4 c5
7.Nb1d2 a6
8.Nd2e4 Nb8c6
9.g4 O-O
10.Bc1g5 f6
11.exf6 Nd5xf6
12.Bg5xf6 Be7xf6
13.g5 Bf6e7
14.dxc5 bxc5
15.Bf1c4 a5
16.h5 d5
17.Bc4b5 dxe4
18.Bb5xc6 exf3
19.Qd1xf3 Qd8d2
20.Kxd2 Rf8xf3
21.Bc6xf3 Be7xg5
22.Kc2 Ra8a7
23.Ra1d1 Ra7a6
24.a4 c4
25.Rh1g1 h6
26.Rg1g4 e5
27.Rg4e4 Bc8f5
28.Rd1d5 Bg5d8
29.Rd5xd8 Kf7
30.Kd2 Bf5xe4
31.Bf3xe4 Ke7
32.Rd8g8 Kf7
33.Be4d5 Kf6
34.Rg8f8 Kg5
35.Bd5xc4 Ra6d6
36.Kc2 Kxh5
37.Bc4f7 Kg5
38.Rf8a8 Rd6f6
39.Bf7c4 Kf4
40.Ra8xa5 h5
41.Bc4f1 Rf6f5
42.Bf1d3 Rf5g5
43.b4 Kf3
44.Kd2 Kxf2
45.Ra5xe5 Rg5xe5
46.a5 h4
47.Kc2 h3
48.a6 Re5e7
49.b5 h2
50.a7 Re7xa7
51.Bd3e4 Ra7e7
52.Be4d3 h1Q
53.Kb3 Qh1d1
54.Kc4 Re7c7
55.Kd4 Rc7d7
56.Kc4 Qd1xd3
57.Kb4 Rd7a7
58.c4 Qd3a3
0-1

[Event "Défi"]
[Site "www.echecsemail.com"]
[Date "2026.01.03"]
[Round "1"]
[White "Bibisept"]
[Black "Gediato30"]
[WhiteElo "1980"]
[BlackElo "2170"]
[Result "1-0"]
1.d4 Ng8f6
2.c4 d5
3.cxd5 Nf6xd5
4.e4 Nd5f6
5.Nb1c3 Nb8c6
6.Ng1f3 g6
7.Bf1b5 Bc8d7
8.O-O Bf8g7
9.e5 Nf6g4
10.Rf1e1 O-O
11.Bc1g5 f6
12.exf6 exf6
13.Bg5h4 Ng4h6
14.d5 Nc6e7
15.Bb5c4 Nh6f5
16.d6 { abandon }1-0

[Event "Défi"]
[Site "www.echecsemail.com"]
[Date "2026.01.03"]
[Round "1"]
[White "Lancov"]
[Black "Albescab"]
[WhiteElo "1920"]
[BlackElo "1650"]
[Result "1-0"]
1.e4 e5
2.Ng1f3 d6
3.d4 exd4
4.Bf1c4 Bc8g4
5.c3 dxc3
6.Nb1xc3 Bf8e7
7.Qd1b3 Ng8f6
8.Bc4xf7 Kf8
9.Nf3g5 c5
10.f3 Bg4d7
11.Ng5e6 Bd7xe6
12.Bf7xe6 Nb8c6
13.Qb3xb7 Nc6d4
14.Be6b3 a5
15.Bb3d1 Kf7
16.O-O Rh8f8
17.Bc1e3 Nd4e6
18.Bd1b3 Ra8b8
19.Qb7a6 Rb8a8
20.Qa6e2 Qd8d7
21.Ra1d1 Kg8
22.f4 Kh8
23.h3 Nf6e8
24.f5 Ne6g5
25.h4 Ng5f7
26.e5 Nf7xe5
27.Bb3c2 Be7xh4
28.Nc3d5 Ne8f6
29.Nd5xf6 Rf8xf6
30.Be3xc5 Rf6xf5
31.Bc5xd6 Qd7a7
32.Kh2 Rf5f2
33.Rf1xf2 Bh4xf2
34.Bd6xe5 Qa7f7
35.Be5g3 Bf2c5
36.Qe2e4 Qf7h5
37.Qe4h4 Qh5xh4
38.Bg3xh4 Bc5b6
39.Bc2e4 Ra8e8
40.Be4d5 h6
41.b3 Re8e5
42.Bd5c4 Re5h5
43.Kh3 Bb6d8
44.Rd1xd8 Kh7
45.Bc4d3 g6
46.g4 Rh5e5
47.Rd8d6 Re5e3
48.Bh4g3 Kg7
49.Rd6xg6 Kf7
50.Bd3f5 Re3c3
51.Rg6a6 Rc3c5
52.Ra6xh6 Kg7
53.Rh6a6 Kf7
54.Bg3d6 Rc5d5
55.Bd6c7 Rd5d1
56.Ra6xa5 Rd1c1
57.Kh4 Rc1xc7
58.b4 Kf6
59.b5 Rc7c1
60.Ra5a6 Kg7
61.b6 Rc1h1
62.Kg5 Rh1h6
63.b7 Rh6xa6
64.b8Q Ra6xa2
65.Qb8e5 Kf8
66.Qe5d6 { abandon }1-0

[Event "Tournoi n27312"]
[Site "www.echecsemail.com"]
[Date "2026.01.03"]
[Round "1"]
[White "Chevalice"]
[Black "Legrillon"]
[WhiteElo "1680"]
[BlackElo "1700"]
[Result "0-1"]
1.c4 e5
2.Nb1c3 c6
3.a3 Ng8f6
4.e4 Bf8c5
5.b4 Bc5d4
6.Bf1d3 O-O
7.Ng1f3 Bd4xc3
8.dxc3 d6
9.Bd3c2 Bc8g4
10.O-O h6
11.h3 Bg4h5
12.g4 Bh5g6
13.Bc2b3 Bg6xe4
14.Nf3h4 Nb8d7
15.Qd1xd6 Nf6e8
16.c5 Ne8xd6
17.cxd6 Qd8xh4
18.Kh2 Qh4f6
19.Bc1b2 Qf6xd6
20.f3 Be4d5
21.c4 Bd5xf3
22.c5 Qd6d2
{ abandon }0-1

[Event "Marmotte chess  3"]
[Site "www.echecsemail.com"]
[Date "2026.01.03"]
[Round "1"]
[White "Nuageblanc"]
[Black "Daimyo"]
[WhiteElo "1580"]
[BlackElo "1390"]
[Result "1-0"]
1.e4 e5
2.Bf1c4 Ng8f6
3.d3 Bf8c5
4.Bc1e3 Bc5xe3
5.fxe3 O-O
6.Ng1f3 Rf8e8
7.O-O d6
8.a3 Nb8c6
9.Bc4a2 Bc8g4
10.Qd1e1 Kh8
11.Nb1c3 Nc6e7
12.Nc3e2 c5
13.Ne2g3 Ne7c6
14.Nf3g5 Bg4e6
15.Ba2xe6 Re8xe6
16.Ng5xf7 { abandon }1-0

[Event "VIC LA GARDIOLE"]
[Site "www.echecsemail.com"]
[Date "2026.01.03"]
[Round "1"]
[White "4x4"]
[Black "Patau"]
[WhiteElo "1460"]
[BlackElo "1660"]
[Result "0-1"]
1.e4 e5
2.Ng1f3 Nb8c6
3.Nb1c3 Ng8f6
4.d4 exd4
5.Nf3xd4 Bf8b4
6.Nd4xc6 bxc6
7.Bc1d2 Bb4xc3
8.Bd2xc3 Nf6xe4
9.Bf1d3 Ne4xc3
10.bxc3 Qd8e7
11.Qd1e2 Qe7xe2
12.Kxe2 O-O
13.Rh1e1 d6
14.Kf1 Bc8g4
15.f3 Bg4h5
16.g4 Bh5g6
17.Bd3xg6 fxg6
18.Kg2 Rf8f4
19.Re1e7 Rf4c4
20.Re7xc7 Rc4xc3
21.Kg3 Rc3xc2
22.Ra1e1 d5
23.Re1e7 d4
24.Re7xg7 Kf8
25.Rg7xh7 Kg8
26.Rc7xa7 Ra8xa7
27.Rh7xa7 d3
28.a4 d2
29.Ra7d7 Rc2a2
30.h4 c5
31.Kf4 c4
32.Ke3 c3
33.Ke2 Ra2xa4
34.Rd7c7 Ra4d4
35.Kd1 Rd4d3
36.f4 Rd3h3
37.f5 Rh3h1
38.Kc2 d1Q
39.Kxc3 Qd1c1
40.Kd4 Qc1xc7
41.fxg6 Qc7f4
42.Kd5 Rh1e1
43.h5 Qf4d2
44.Kc4 Re1c1
45.Kb3 Qd2c2
46.Ka3 Rc1b1
47.g5 Qc2b3
0-1

[Event "VIC LA GARDIOLE"]
[Site "www.echecsemail.com"]
[Date "2026.01.03"]
[Round "1"]
[White "Woluwe1975"]
[Black "Tartu"]
[WhiteElo "1620"]
[BlackElo "1690"]
[Result "1/2-1/2"]
1.e4 e5
2.Ng1f3 Nb8c6
3.Nb1c3 Ng8f6
4.d4 exd4
5.Nc3d5 d6
6.Bf1b5 Bc8d7
7.Bb5d3 Nf6xd5
8.exd5 Nc6e5
9.Qd1e2 Qd8e7
10.Nf3xe5 Qe7xe5
11.O-O Qe5xe2
12.Bd3xe2 O-O-O
13.Be2d3 g6
14.Bc1g5 Rd8e8
15.Bg5f6 Rh8g8
16.Bf6xd4 Bf8g7
17.Bd4xg7 Rg8xg7
18.Rf1e1 f5
19.Re1xe8 Bd7xe8
20.Ra1e1 Kd8
21.c4 Rg7e7
22.Re1xe7 Kxe7
23.f4 c6
24.b3 { nul }1/2-1/2

[Event "Noël 2025 n3"]
[Site "www.echecsemail.com"]
[Date "2026.01.03"]
[Round "1"]
[White "4x4"]
[Black "Patrick"]
[WhiteElo "1450"]
[BlackElo "1550"]
[Result "0-1"]
1.e4 e5
2.f4 d6
3.f5 Qd8h4
4.g3 Qh4xe4
5.Qd1e2 Qe4xc2
6.Nb1c3 Qc2xf5
7.Nc3d5 Nb8a6
8.Nd5c3 Ng8f6
9.Ng1f3 Bf8e7
10.d3 c6
11.Nf3h4 Qf5e6
12.b3 b5
13.Bc1e3 c5
14.Nc3xb5 h6
15.Bf1g2 O-O
16.Bg2xa8 d5
17.Nb5c3 d4
18.Ba8d5 Qe6b6
19.Nc3a4 Qb6a5
20.Kf2 dxe3
21.Qe2xe3 Nf6g4
22.Kf3 Ng4xe3
23.Kxe3 Na6b4
24.Ke4 Rf8d8
25.a3 Nb4xd5
26.Ra1c1 Be7xh4
27.gxh4 Qa5d2
28.Rh1e1 Qd2f4
0-1

[Event "Défi"]
[Site "www.echecsemail.com"]
[Date "2026.01.03"]
[Round "1"]
[White "Ephixe"]
[Black "Bilitis"]
[WhiteElo "1820"]
[BlackElo "1760"]
[Result "0-1"]
1.d4 d5
2.c4 c6
3.Nb1c3 Ng8f6
4.cxd5 cxd5
5.Qd1a4 Bc8d7
6.Qa4b3 Bd7c6
7.e3 a6
8.Ng1f3 Nb8d7
9.Bf1e2 e6
10.O-O g6
11.Rf1e1 Bf8g7
12.Be2d3 O-O
13.Bc1d2 Nf6e8
14.Qb3c2 f5
15.Nc3a4 Ra8c8
16.Na4c3 Ne8d6
17.a3 Nd6e4
18.Bd3f1 Ne4xd2
19.Nf3xd2 b5
20.b4 Qd8c7
21.Re1c1 e5
22.dxe5 Bg7xe5
23.f4 Be5g7
24.Ra1b1 Bc6a8
25.Rb1b3 d4
26.exd4 Bg7xd4
27.Kh1 Ba8d5
28.Qc2a2 Bd5xb3
29.Qa2xb3 Kg7
30.Nc3e2 Qc7d6
31.Rc1d1 Bd4a7
32.Nd2e4 Qd6c7
33.Qb3b2 Kh6
34.Ne4d6 Rc8d8
35.g4 Nd7b6
36.g5 Kh5
37.Ne2g3 Kh4
38.Qb2g2 Kg4
39.Rd1d3 Kxf4
40.Ng3e2 Ke5
41.Qg2g3 f4
42.Ne2xf4 Qc7c6
43.Nf4g2 Ke6
44.Qg3e3 Kd7
45.Nd6f7 Kc7
46.Rd3xd8 Rf8xd8
47.Nf7xd8 Kxd8
48.Qe3h3 Qc6c1
49.Qh3d3 Kc7
50.h4 Nb6c4
51.Kh2 Ba7b8
52.a4 Kb7
53.Kh3 Nc4b2
54.Qd3f3 Ka7
55.Qf3f7 Ka8
56.Qf7d5 Ka7
57.Qd5f7 Ka8
58.axb5 Qc1c8
{ abandon }0-1

[Event "Tournoi n27328"]
[Site "www.echecsemail.com"]
[Date "2026.01.03"]
[Round "1"]
[White "Louis67"]
[Black "Jlr"]
[WhiteElo "1440"]
[BlackElo "1360"]
[Result "0-1"]
1.d4 d5
2.Nb1c3 Nb8c6
3.e4 h5
4.e5 Bc8g4
5.f3 Bg4f5
6.f4 Nc6b4
7.Bc1e3 Nb4xc2
8.Kf2 e6
9.Ra1c1 Qd8h4
10.g3 Qh4e7
11.Rc1xc2 Bf5xc2
12.Qd1xc2 Qe7b4
13.a3 Qb4e7
14.Qc2a4 c6
15.Ng1e2 b5
16.Ne2c1 bxa4
{ abandon }0-1

[Event "Eq:Pirates du Mat-Les Rois du Succes :"]
[Site "www.echecsemail.com"]
[Date "2026.01.03"]
[Round "1"]
[White "Rackam"]
[Black "Rons"]
[WhiteElo "2040"]
[BlackElo "2580"]
[Result "0-1"]
1.e4 c5
2.Ng1f3 d6
3.d4 cxd4
4.Nf3xd4 Ng8f6
5.Nb1c3 a6
6.Bf1e2 e6
7.Bc1e3 Qd8c7
8.f4 b5
9.Be2f3 b4
10.Nc3e2 e5
11.fxe5 dxe5
12.Nd4f5 Bc8xf5
13.exf5 e4
14.Be3f4 Qc7c4
15.b3 Qc4c5
{ abandon }0-1

[Event "Tournoi échelle élite"]
[Site "www.echecsemail.com"]
[Date "2026.01.03"]
[Round "1"]
[White "Alain64"]
[Black "Elghribi"]
[WhiteElo "2120"]
[BlackElo "1890"]
[Result "0-1"]
1.f4 Ng8f6
2.Ng1f3 g6
3.b3 Bf8g7
4.Bc1b2 O-O
5.d4 d6
6.e3 Nb8c6
7.Bf1e2 Nf6d7
8.O-O e5
9.fxe5 dxe5
10.dxe5 Nd7xe5
11.Kh1 Qd8xd1
12.Rf1xd1 Ne5g4
13.Bb2xg7 Kxg7
14.Kg1 Ng4xe3
15.Rd1c1 Bc8f5
16.Nb1a3 Nc6b4
17.c4 c6
18.h3 Ra8d8
19.Kf2 Ne3c2
20.Na3xc2 Nb4xc2
21.g4 Bf5e4
22.Nf3g5 Nc2xa1
23.Ng5xe4 Rf8e8
24.Ne4g3 Na1xb3
25.axb3 Rd8d2
26.Rc1d1 Re8xe2
{ abandon }0-1

[Event "Défi( 20J+48H/c 20J Max )"]
[Site "www.echecsemail.com"]
[Date "2026.01.03"]
[Round "1"]
[White "Harvir"]
[Black "Burgman"]
[WhiteElo "1840"]
[BlackElo "2070"]
[Result "1/2-1/2"]
1.e4 Ng8f6
2.Nb1c3 d5
3.e5 Nf6e4
4.d3 Ne4xc3
5.bxc3 c5
6.d4 Nb8c6
7.Ng1f3 Bc8g4
8.Bf1e2 e6
9.O-O Bf8e7
10.h3 Bg4h5
11.Bc1e3 O-O
12.Ra1b1 Ra8b8
13.Qd1d2 Bh5xf3
14.Be2xf3 Qd8a5
15.Rb1b2 cxd4
16.Be3xd4 h6
17.Rf1b1 Be7g5
18.Qd2d3 b6
19.c4 Nc6xd4
20.Qd3xd4 dxc4
21.Bf3c6 Rf8d8
22.Qd4xc4 Qa5xe5
23.Qc4e4 Qe5xe4
24.Bc6xe4 Rd8d2
25.Be4d3 Rb8d8
26.g3 Bg5f6
27.Rb2b4 Bf6d4
28.Rb1f1 Bd4c5
29.Rb4c4 Kf8
30.Kg2 Rd8xd3
31.cxd3 Rd2xd3
32.Rc4c2 Ke7
33.Rf1e1 Kf6
34.Re1e4 g5
35.Re4a4 Rd3a3
36.Ra4xa3 Bc5xa3
37.Kf3 a5
38.Ke4 Ba3d6
39.Rc2c6 Bd6c5
40.a4 Bc5xf2
41.g4 Kg6
42.Rc6d6 Kg7
43.Kf3 Bf2c5
44.Rd6c6 Kf8
45.Rc6c7 Bc5d6
46.Rc7c6 Bd6c5
47.Rc6c7 Kg7
48.Ke4 Kf6
49.Rc7b7 Kg6
50.Ke5 Bc5f2
51.Ke4 f5
52.Ke5 fxg4
53.hxg4 h5
54.gxh5 Kxh5
55.Rb7f7 Bf2c5
56.Kxe6 g4
57.Kf5 Kh4
58.Rf7h7 Kg3
59.Rh7g7 Kf3
60.Rg7xg4 Ke3
61.Ke5 Kd3
62.Kd5 Kc3
63.Kc6 Kb3
64.Kb5 Ka3
65.Rg4g3 Kb2
66.Kc4 Ka2
67.Rg3b3 Bc5f2
68.Rb3f3 Bf2c5
69.Kb5 Bc5g1
70.Rf3g3 { nul }1/2-1/2

[Event "Eq:au plaisir du jeux -Royal Kids :"]
[Site "www.echecsemail.com"]
[Date "2026.01.03"]
[Round "1"]
[White "Kinkin"]
[Black "Marathonman"]
[WhiteElo "2030"]
[BlackElo "2070"]
[Result "0-1"]
1.e4 e5
2.Ng1f3 Nb8c6
3.d4 exd4
4.Bf1c4 h6
5.O-O Qd8f6
6.Rf1e1 Bf8c5
7.e5 Qf6g6
8.Nf3h4 Qg6h7
9.Qd1f3 Kd8
10.Bc4d3 g6
11.Bd3c4 Ke7
12.a3 d6
13.exd6 Kf8
14.dxc7 f5
15.Qf3d5 Bc5e7
16.Nh4f3 Ng8f6
17.Qd5b5 Be7d6
18.Bc4e6 Qh7xc7
19.Nb1d2 Kg7
20.Nd2b3 a6
21.Qb5e2 Rh8e8
22.Nb3xd4 Qc7e7
23.Nd4xc6 bxc6
24.Nf3d4 Bc8xe6
25.Nd4xe6 Kh7
26.Qe2f3 Qe7d7
27.Qf3b3 Ra8b8
28.Qb3c4 Rb8b5
29.Bc1xh6 Kxh6
30.Qc4h4 Nf6h5
31.Qh4g5 Kh7
32.Ne6d4 Rb5e5
33.Re1xe5 Bd6xe5
34.c3 Be5xd4
35.cxd4 Qd7xd4
36.h3 Qd4f4
37.Qg5xf4 Nh5xf4
38.Kf1 Re8d8
39.f3 Rd8d2
40.Ra1c1 Rd2xg2
41.Rc1c4 Rg2xb2
42.Rc4xf4 Rb2b3
43.Rf4h4 Kg7
44.Kg2 Rb3xa3
45.Rh4c4 a5
46.Rc4xc6 a4
47.Rc6a6 Kh6
48.Kg3 Kh5
49.Ra6a5 Ra3a1
50.Kg2 Kh4
51.Ra5a6 Ra1a2
52.Kf1 a3
53.Ra6xg6 Ra2a1
54.Ke2 a2
55.Rg6a6 Kxh3
56.Ke3 Ra1e1
57.Kf4 a1Q
58.Ra6xa1 Re1xa1
59.Kxf5 Kg3
60.f4 Ra1a4
{ abandon }0-1

[Event "Défi( 10J+24H/c 10J Max )"]
[Site "www.echecsemail.com"]
[Date "2026.01.03"]
[Round "1"]
[White "Titit1"]
[Black "Geantvert"]
[WhiteElo "1490"]
[BlackElo "1870"]
[Result "0-1"]
1.d4 f5
2.Nb1c3 Ng8f6
3.Ng1f3 b6
4.Bc1f4 Bc8b7
5.Nf3e5 d6
6.Ne5f3 h6
7.Bf4d2 g5
8.e3 Nb8d7
9.Bf1d3 e6
10.O-O Qd8e7
11.Rf1e1 O-O-O
12.Re1e2 g4
13.Nf3e1 h5
14.a3 h4
15.e4 fxe4
16.Bd3c4 d5
17.Bc4b3 Bf8h6
18.Bd2xh6 Rh8xh6
19.Nc3b5 Kb8
20.c3 a6
21.Nb5xc7 Kxc7
22.Ne1c2 Rd8c8
23.f3 gxf3
24.gxf3 h3
25.fxe4 Rh6g6
26.Kf1 Nf6xe4
27.Nc2e3 Rc8f8
28.Ke1 Qe7h4
29.Re2f2 Qh4xf2
0-1

[Event "5 octobre 2025"]
[Site "www.echecsemail.com"]
[Date "2026.01.03"]
[Round "1"]
[White "Jyfsk"]
[Black "Titit1"]
[WhiteElo "1770"]
[BlackElo "1440"]
[Result "1-0"]
1.e4 Ng8f6
2.Nb1c3 Nb8c6
3.Ng1f3 e5
4.Bf1c4 h6
5.O-O Bf8c5
6.d3 d6
7.Bc1d2 Bc8d7
8.a3 a6
9.b4 Bc5a7
10.Nc3e2 b5
11.Bc4b3 O-O
12.Ne2g3 Qd8c8
13.c4 Nc6d4
14.Nf3xd4 exd4
15.Rf1e1 bxc4
16.dxc4 Bd7c6
17.Bd2f4 Qc8d8
18.Kf1 Qd8c8
19.Qd1d3 Rf8e8
20.f3 Qc8d7
21.a4 d5
22.exd5 Bc6b7
23.c5 Bb7xd5
24.Bb3xd5 Nf6xd5
25.Qd3xd4 c6
26.Qd4c4 Re8e6
27.Re1xe6 fxe6
28.Ke2 Qd7f7
29.Bf4d6 Qf7f6
30.Ra1c1 Nd5e7
31.Bd6xe7 Qf6xe7
32.Rc1d1 Ba7b8
33.Qc4e4 Bb8c7
34.Qe4xc6 Ra8f8
35.Rd1d7 Qe7f6
36.Qc6xc7 Qf6b2
37.Kf1 Qb2xb4
38.Rd7xg7 Kh8
39.Rg7h7 Kg8
40.Qc7g7 1-0

[Event "Tournoi n27332"]
[Site "www.echecsemail.com"]
[Date "2026.01.03"]
[Round "1"]
[White "Albescab"]
[Black "Verson"]
[WhiteElo "1670"]
[BlackElo "1870"]
[Result "1-0"]
1.d4 d5
2.Nb1c3 Ng8f6
3.Bc1g5 Nb8d7
4.e3 h6
5.Bg5h4 e6
6.Bf1d3 c5
7.Ng1f3 Bf8d6
8.O-O O-O
9.e4 dxe4
10.Bd3xe4 a6
11.d5 Qd8c7
12.dxe6 fxe6
13.Be4g6 b5
14.Qd1e2 Nd7e5
15.Bh4xf6 Rf8xf6
16.Bg6e4 Ne5xf3
17.Be4xf3 Bc8b7
18.Bf3xb7 Qc7xb7
19.Nc3e4 Rf6g6
20.f3 Bd6e7
21.Ra1d1 Ra8d8
22.c3 e5
23.Rd1xd8 Be7xd8
24.Ne4xc5 Bd8b6
25.Qe2xe5 Bb6xc5
26.Qe5xc5 Rg6c6
27.Qc5d5 Kh8
28.Rf1e1 Qb7b6
29.Kh1 Rc6d6
30.Re1e8 Kh7
31.Qd5e4 Rd6g6
32.h4 Qb6c5
33.g4 Qc5c6
34.h5 Qc6xe4
35.Re8xe4 Rg6f6
36.f4 Rf6d6
37.Re4e2 Kg8
38.Kg1 Kf7
39.Kf2 Kf6
40.f5 Rd6c6
41.Kf3 Rc6d6
42.Kf4 a5
43.a3 Rd6c6
44.Re2e6 Rc6xe6
45.fxe6 Kxe6
46.Ke4 a4
47.Kd4 Kd6
48.c4 Kc6
49.cxb5 Kxb5
50.Kc3 Kc5
51.b3 axb3
52.Kxb3 Kb5
53.a4 Kc5
54.Ka3 Kc4
55.a5 Kb5
56.Kb3 Kxa5
57.Kc4 Kb6
58.Kd5 Kc7
59.Ke6 { abandon }1-0

[Event "Défi"]
[Site "www.echecsemail.com"]
[Date "2026.01.03"]
[Round "1"]
[White "Den"]
[Black "Arno"]
[WhiteElo "1880"]
[BlackElo "1780"]
[Result "1-0"]
1.f4 Nb8c6
2.e3 d5
3.d4 Ng8f6
4.Ng1f3 Bc8g4
5.Bf1e2 e6
6.O-O Nf6e4
7.c3 Bf8e7
8.Nf3e5 Nc6xe5
9.Be2xg4 Ne5xg4
10.Qd1xg4 O-O
11.Qg4e2 c5
12.Nb1d2 Ne4xd2
13.Bc1xd2 c4
14.Rf1f3 b5
15.e4 a5
16.e5 b4
17.f5 Qd8b6
18.f6 gxf6
19.Rf3h3 Rf8c8
20.Bd2h6 Kh8
21.Qe2h5 Qb6d8
22.Bh6g7 Kxg7
23.Qh5xh7 Kf8
24.Qh7h8 1-0

[Event "Michael Tal 29"]
[Site "www.echecsemail.com"]
[Date "2026.01.03"]
[Round "1"]
[White "Skalfa"]
[Black "Youliyouli"]
[WhiteElo "1850"]
[BlackElo "1880"]
[Result "1-0"]
1.e4 e5
2.Ng1f3 Nb8c6
3.Bf1c4 Bf8c5
4.O-O Ng8f6
5.d3 h6
6.Nb1c3 Bc5d4
7.Nf3xd4 Nc6xd4
8.a4 c6
9.Nc3e2 d5
10.exd5 cxd5
11.Bc4a2 O-O
12.Ne2xd4 exd4
13.h3 Rf8e8
14.Qd1f3 Bc8e6
15.Bc1f4 Qd8b6
16.Ba2b3 Ra8c8
17.a5 Qb6d8
18.Bf4e5 Rc8c5
19.Be5xd4 Rc5xa5
20.Ra1a4 b5
21.Ra4xa5 Qd8xa5
22.Bd4xf6 gxf6
23.Qf3xf6 Kh7
24.f4 Qa5d8
25.Qf6d4 Qd8d7
26.Rf1f3 f5
27.c3 Be6f7
28.Kh2 Re8e2
29.Rf3g3 Bf7g8
30.c4 a6
31.cxd5 a5
32.Bb3d1 Re2d2
33.Bd1h5 { abandon }1-0